Laugh and grow wise : (Record no. 17783)

MARC details
000 -LEADER
fixed length control field 00720cam a22002291a 4500
001 - CONTROL NUMBER
control field ca 35000348
003 - CONTROL NUMBER IDENTIFIER
control field DLC
005 - DATE AND TIME OF LATEST TRANSACTION
control field 20260227111137.0
007 - PHYSICAL DESCRIPTION FIXED FIELD--GENERAL INFORMATION
fixed length control field cr_|||||||||||
008 - FIXED-LENGTH DATA ELEMENTS--GENERAL INFORMATION
fixed length control field 880226s1921 nyu 000 0 eng
010 ## - LIBRARY OF CONGRESS CONTROL NUMBER
LC control number ca 35000348
035 ## - SYSTEM CONTROL NUMBER
System control number (OCoLC)17541915
040 ## - CATALOGING SOURCE
Original cataloging agency DLC
Transcribing agency KPT
Modifying agency DLC
042 ## - AUTHENTICATION CODE
Authentication code premarc
050 00 - LIBRARY OF CONGRESS CALL NUMBER
Classification number PS3531.O24
Item number L3 1921
100 1# - MAIN ENTRY--PERSONAL NAME
Personal name Pohl, Frederick Julius,
Dates associated with a name 1889-1991.
245 10 - TITLE STATEMENT
Title Laugh and grow wise :
Remainder of title a play in one act /
Statement of responsibility, etc. by Frederick J. Pohl.
260 ## - PUBLICATION, DISTRIBUTION, ETC.
Place of publication, distribution, etc. Brooklyn, N.Y. :
Name of publisher, distributor, etc. F. J. Pohl,
Date of publication, distribution, etc. c1921.
300 ## - PHYSICAL DESCRIPTION
Extent 20 p. ;
Dimensions 21 cm.
530 ## - ADDITIONAL PHYSICAL FORM AVAILABLE NOTE
Additional physical form available note Also available in digital form on the Internet Archive Web site.
856 41 - ELECTRONIC LOCATION AND ACCESS
Uniform Resource Identifier <a href="http://hdl.loc.gov/loc.gdc/scd0001.00183488363">http://hdl.loc.gov/loc.gdc/scd0001.00183488363</a>

No items available.

Powered by Koha